LDR 00985naa#a2200193#i#450# 001 RU\\bibl\120556 005 20260417215930.5 011 ## _a2073-5537 100 ## _a20260416b2026####ek#y0rusy0150####ca 102 ## _aRU 200 1# _aФормирование эффективной модели диспансеризации взрослого населения в медицинском учреждении _eЖурнальная статья 210 1# _aАстрахань _cАстраханский государственный технический университет _d2026 215 ## _a7 с. 608 ## _aЖурнальная статья _2local 675 ## _aПроизводственные планы. Экономическое планирование. 338.984 _z 700 #1 _aТараскина _gЮлия Викторовна 700 #1 _aШендо _gМария Владимировна 700 #1 _aЛунева _gТатьяна Викторовна 856 4# _avestnik.astu.org _u